00574 a2200121 450000500170000002000180001708200200003511100080005524501230006326000480018630000640023485601540029820250602092119.0 a0-7517-1603-0 aLECT 657.3 AAT  aAAT aTechnician unit 12: Drafting financial statements (Central Government): for assessment in December 2004 and June 2005. aLondon,bBPP professional education,c2004. axxii, 394p.: ill.; figure, picture, table.bIndex, c30cm.  yAccess online bookfTechnician unit 12: Drafting financial statements (Central Government): for assessment in December 2004 and June 2005dww.bpp.com